<?xml version="1.0" encoding="UTF-8"?>
<resp>
  <nextPage>https://data.bn.org.pl/api/networks/bibs.marcxml?marc=001+b00001150003553&amp;sinceId=1150003554</nextPage>
  <collection>
    <record xmlns='http://www.loc.gov/MARC21/slim'><leader>01022namZa2200289ZiZ4500</leader><controlfield tag='001'>b00001150003553</controlfield><controlfield tag='005'>20241203214137.9</controlfield><controlfield tag='008'>230609s        pl           |000 0 pol c</controlfield><controlfield tag='009'>9913261524305606</controlfield><datafield ind1=' ' ind2=' ' tag='035'><subfield code='a'>KR_1KR_1_20120318001034025403-48omnis_kr</subfield></datafield><datafield ind1=' ' ind2=' ' tag='035'><subfield code='a'>KR_1_20120318001034025403</subfield><subfield code='9'>ExL</subfield></datafield><datafield ind1=' ' ind2=' ' tag='035'><subfield code='a'>(PL)b00001150003553</subfield></datafield><datafield ind1=' ' ind2=' ' tag='040'><subfield code='a'>KR_1</subfield><subfield code='c'>KR_1</subfield></datafield><datafield ind1='0' ind2=' ' tag='041'><subfield code='a'>pol</subfield></datafield><datafield ind1='1' ind2=' ' tag='100'><subfield code='a'>Warneńska, Monika</subfield><subfield code='d'>(1922-2010)</subfield></datafield><datafield ind1='1' ind2='0' tag='245'><subfield code='a'>Warszawskim szlakiem Bolesława Prusa /</subfield><subfield code='c'>Monika Warneńska.</subfield></datafield><datafield ind1=' ' ind2=' ' tag='260'><subfield code='a'>Warszawa :</subfield><subfield code='b'>Wydaw. PTTK [Polskiego Towarzystwa Turystyczno-Krajoznawczego] &quot;Kraj&quot;,</subfield><subfield code='c'>1978.</subfield></datafield><datafield ind1=' ' ind2=' ' tag='300'><subfield code='a'>69 s., [1] portr., [1] mapa.;</subfield><subfield code='c'>17 cm.</subfield></datafield><datafield ind1='1' ind2=' ' tag='490'><subfield code='a'>Szlakiem Wielkich Ludzi, Wydarzeń, Zabytków Kultury</subfield></datafield><datafield ind1=' ' ind2=' ' tag='500'><subfield code='a'>n</subfield></datafield><datafield ind1=' ' ind2='9' tag='650'><subfield code='a'>Prus, Bolesław (1871-1912) a Warszawa</subfield></datafield><datafield ind1=' ' ind2='9' tag='651'><subfield code='a'>Warszawa</subfield><subfield code='v'>przewodnik</subfield></datafield><datafield ind1=' ' ind2=' ' tag='852'><subfield code='b'>48OMNIS_NETWORK</subfield><subfield code='8'>9913261524305606</subfield></datafield><datafield ind1=' ' ind2=' ' tag='852'><subfield code='b'>48OMNIS_KR</subfield><subfield code='8'>991000035519708216</subfield></datafield></record>
  </collection>
</resp>
